Microsoft sharepoint server 2010 bible (Record no. 11829)

000 -LEADER
fixed length control field 00735nam a22002535a 4500
001 - CONTROL NUMBER
control field 16430516
005 - DATE AND TIME OF LATEST TRANSACTION
control field 20170105102349.0
008 - FIXED-LENGTH DATA ELEMENTS--GENERAL INFORMATION
fixed length control field 100824s2010 inu 000 0 eng
010 ## - LIBRARY OF CONGRESS CONTROL NUMBER
LC control number 2010935565
020 ## - INTERNATIONAL STANDARD BOOK NUMBER
International Standard Book Number 9780470643839 (pbk : alk. paper)
020 ## - INTERNATIONAL STANDARD BOOK NUMBER
International Standard Book Number 0470643838 (pbk : alk. paper)
040 ## - CATALOGING SOURCE
Original cataloging agency DLC
Transcribing agency DLC
042 ## - AUTHENTICATION CODE
Authentication code pcc
082 ## - DEWEY DECIMAL CLASSIFICATION NUMBER
Classification number 004.682
100 1# - MAIN ENTRY--PERSONAL NAME
Personal name Mann, Steven L.
245 10 - TITLE STATEMENT
Title Microsoft sharepoint server 2010 bible
Statement of responsibility, etc. Steven Mann, Wynne Leon, Todd Bleeker.
260 ## - PUBLICATION, DISTRIBUTION, ETC.
Place of publication, distribution, etc. Indianapolis, IN :
Name of publisher, distributor, etc. Wiley Pub., Inc,
Date of publication, distribution, etc. 2010.
263 ## - PROJECTED PUBLICATION DATE
Projected publication date 1009
300 ## - PHYSICAL DESCRIPTION
Extent xx, 796p. :
Dimensions 26 cm
600 ## - SUBJECT ADDED ENTRY--PERSONAL NAME
Source of heading or term Web servers
906 ## - LOCAL DATA ELEMENT F, LDF (RLIN)
a 0
b ibc
c orignew
d 2
e epcn
f 20
g y-gencatlg
942 ## - ADDED ENTRY ELEMENTS (KOHA)
Source of classification or shelving scheme
Koha item type Book
Holdings
Withdrawn status Lost status Damaged status Not for loan Collection code Permanent Location Current Location Shelving location Date acquired Source of acquisition Cost, normal purchase price Total Checkouts Full call number Barcode Date last seen Price effective from Koha item type
          Central Library (CL) Central Library (CL) First Floor - Data Communication/Network/Architecture 04/22/2013 Allied Book Company 998.94   004.682 MAN SEECS012285 04/24/2013 04/24/2013 Book
© 2023 Central Library, National University of Sciences and Technology. All Rights Reserved.